000 00818nam a2200181 i 4500
001 160376
003 ES-MaACL
005 20230906212021.0
008 990518s1885 sp |||| | spa d
040 _aCCPB | B
_bspa
_cCCPB | B
100 1 _aMuñoz Peña, Pedro.
_9130324
245 1 3 _aEl Renacimiento en Valladolid :
_bestudio crítico de las principales manifestaciones artísticas que de dicha época existen en esta ciudad /
_cpor Pedro Muñoz Peña.
260 _aValladolid :
_b[s.n.],
_c1885 (
_fImp. de Torres y Martinez)
300 _a112 p. ;
_c20 cm.
500 1 _aObra premiada con medalla de plata en los juegos florales de Valladolid.
650 4 _aArte renacentista-
_zValladolid.
_9160074
852 _aES-MaACL
_jT-417-F-1
_z-- Enc. hol.
_q-- Falto de la cub. original
_z-- Enc. en un vol. facticio
999 _c160376
_d160376